| 000 | 00881nam a2200241 4500 | ||
|---|---|---|---|
| 001 | 112369 | ||
| 003 | ES-MaACL | ||
| 005 | 20250604062629.0 | ||
| 007 | t| | ||
| 008 | 061121s1973 sp r ||||1| spa d | ||
| 100 | 1 |
_aOrtega y Gasset, José, _d1883-1955 _987503 |
|
| 245 | 1 | 0 |
_aEscritos políticos / _cJosé Ortega y Gasset. |
| 260 |
_aMadrid : _bRevista de Occidente, _c1973. |
||
| 300 |
_a3 v. ; _c18 cm. |
||
| 490 | 1 | _aEl arquero | |
| 505 | 8 | _aContiene: 1. Vieja y nueva política (1908-1918) - 2. La redención de las provincias (1918-1928) - 3. Rectificación de la República (1929-1933) | |
| 650 | 0 | 0 |
_aPolítica- _zEspaña- _yS.XX. _916272 |
| 651 | 4 |
_aEspaña- _xHistoria- _y1902-1931, Alfonso XIII _98276 |
|
| 651 | 0 |
_aEspaña- _xHistoria- _y1931-1939, II República. _98283 |
|
| 830 | 1 |
_aEl arquero _9185163 |
|
| 852 |
_aES-MaACL _jC-56404-06 |
||
| 999 |
_c112369 _d112369 |
||